000
00196nam a2200085Ia 4500
008
120527s9999 xx 000 0 und d
100
_a
Freiberg, L.
245
_a
Human development 04/05
942
_c
BK
999
_c
27403
_d
27403